| 000 | 00333nam a22000857a 4500 | ||
|---|---|---|---|
| 999 |
_c24646 _d24646 |
||
| 003 | NUST | ||
| 005 | 20170530124955.0 | ||
| 008 | 140618b xxu||||| |||| 00| 0 eng d | ||
| 010 | _a928805 | ||
| 020 |
_cAvailable _a0070038430 |
||
| 040 |
_aDLC _bDLC _cRCMS |
||
| 082 | _a355.41107073 BAR | ||
| 100 |
_aTeddy A Barnes _91626 |
||
| 245 |
_aLogistics Support Training Design & Development _cBarnes .A |
||
| 260 |
_aUSA _bMcGraw-Hill _cc1992 |
||
| 300 |
_axiv,328,p: _bill: _c22,cm. |
||
| 500 | _aincludes index | ||
| 538 | _iShelf No 1 Row No 2 | ||
| 650 |
_a1.United States--- Armed Force ---- Equipment --- Maintenance and repair ---- Study and teaching 2. Military education ------ United States _91627 |
||
| 856 | _3Table of Content Only | ||
| 942 |
_2ddc _cBK |
||